Central Library OPAC University of Rajshahi
Normal view MARC view

Entry Personal Name

Number of records used in: 4

001 - CONTROL NUMBER

  • control field: 13469

003 - CONTROL NUMBER IDENTIFIER

  • control field: BD-RjUL

005 - DATE AND TIME OF LATEST TRANSACTION

  • control field: 20240908094551.0

008 - FIXED-LENGTH DATA ELEMENTS

  • fixed length control field: 240908|| aca||aabn | a|a d

040 ## - CATALOGING SOURCE

  • Original cataloging agency: BD-RjUL
  • Transcribing agency: BD-RjUL

100 ## - HEADING--PERSONAL NAME

  • Personal name: Roy, Protap Kumar

670 ## - SOURCE DATA FOUND

  • Source citation: Work cat.: (BD-RjUL)83975: Roy, Protap Kumar, Taxonomy, Distribution and Ecobiology of the Self Recruited Fisheries Species of the Shrimp Farms in Sathira District /, 2010